书目信息 |
| 题名: |
黄麻丰产技术
|
|
| 作者: | ;华南农业科学研究所 编 | |
| 分册: | ||
| 出版信息: | 广州 广东人民出版社 1956 |
|
| 页数: | 18页 | |
| 开本: | 19cm | |
| 丛书名: | ||
| 单 册: | ||
| 中图分类: | S563.4 | |
| 科图分类: | ||
| 主题词: | 黄麻--栽培技术 | |
| 电子资源: | ||
| ISBN: | T16111.17 | |
| 000 | 00661cam0 2200229 450 | |
| 001 | 0105406319 | |
| 005 | 20060824100846.0 | |
| 010 | @aT16111.17@dCNY0.08 | |
| 091 | @aT16111.17@dCNY0.08 | |
| 100 | @a19970410d1956 em y0chiy0110 ea | |
| 101 | 0 | @achi |
| 102 | @aCN@b440000 | |
| 105 | @ay z 000yy | |
| 106 | @ar | |
| 200 | 1 | @a黄麻丰产技术@9Huang Ma Feng Chan Ji Shu;Zhu @f华南农业科学研究所编@b专著 |
| 210 | @a广州@c广东人民出版社@d1956 | |
| 215 | @a18页@d19cm | |
| 606 | 0 | @a黄麻@x栽培技术 |
| 690 | @aS563.4@v3 | |
| 711 | 02 | @a华南农业科学研究所@9hua nan nong ye ke xue yan jiu suo@4编 |
| 801 | 0 | @aCN@bAiZhiMarc |
| 905 | @aBZT@dS563.4@e1@f2@sS563.4/1 | |
| 黄麻丰产技术/华南农业科学研究所编.-广州:广东人民出版社,1956 |
| 18页;19cm |
| ISBN T16111.17:CNY0.08 |
| ● |
| 相关链接 |
|
|
|
正题名:黄麻丰产技术
索取号:S563.4/1
 
预约/预借
| 序号 | 登录号 | 条形码 | 馆藏地/架位号 | 状态 | 备注 |
| 1 | 2000115075 | 2000115075 | 旧书回溯/ [索取号:S563.4/1] | 在馆 | |
| 2 | 2000119028 | 2000119028 | 旧书回溯/ [索取号:S563.4/1] | 在馆 |